Normal view
MARC view
- Poole, Charles P, Owens, Frank J
Entry Personal Name
001 - CONTROL NUMBER
- control field: 68903
003 - CONTROL NUMBER IDENTIFIER
- control field: NUST
005 - DATE AND TIME OF LATEST TRANSACTION
- control field: 20210628204135.0
008 - FIXED-LENGTH DATA ELEMENTS
- fixed length control field: 210628|| aca||aabn | a|a d
040 ## - CATALOGING SOURCE
- Original cataloging agency: NUST
- Transcribing agency: NUST
100 ## - HEADING--PERSONAL NAME
- Personal name: Poole, Charles P, Owens, Frank J
670 ## - SOURCE DATA FOUND
- Source citation: Work cat.: (NUST): Poole, Charles P, Owens, Frank J, Introduction to nanotechnology, 2006
